| 000 | 00528nam a2200193Ia 4500 | ||
|---|---|---|---|
| 008 | 120920t2008 xxu||||| |||| 00| 0 eng d | ||
| 041 | _aeng | ||
| 080 |
_a8-31 (eng) _bSTE |
||
| 100 | _aSteel,Danielle | ||
| 245 | _aදෝංකාරය | ||
| 246 | _aDonkaraya | ||
| 260 |
_aAshirwada Publishers _aMirigama _c2008 |
||
| 300 | _b423p, 21 cm | ||
| 500 | _aSinhalese Translation of D.Steel's of Echoes | ||
| 700 |
_aWijayathunga,Sugathadasa _etr. |
||
| 942 | _cBK | ||
| 999 |
_c41818 _d41818 |
||
| 003 | LK-CoDNM | ||
| 040 |
_aLK-CoDNM _dLK-CoDNM _eLK-CoDNM |
||